Ultimate Genshin Impact Characters Quiz 📱 - Statistics

General Stats
  • This quiz has been taken 437 times
  • The average score is 19 of 20
Answer Stats
Picture Answer % Correct
Jean
100%
Lisa
100%
Mona
100%
Venti
99%
Bennet
98%
Diluc
98%
Itto
98%
Noelle
98%
Razor
98%
Rosaria
98%
Xiao
98%
Zhongli
98%
Dehya
97%
Sucrose
97%
Tighnari
97%
Sayu
96%
Yanfei
96%
Yelan
96%
Yun Jin
94%
Ninnguang
83%
No matching quizzes found
Score Distribution
Percent of People with Each Score
Percentile by Number Answered
Your Score History
You have not taken this quiz